000 00732nam0a22002291 4500
001 rc\666714
005 20250621203602.0
035 _a(NLR Aleph) 005905541
090 _a6322179
_c6322179
100 _a20031121d1986 |||y0rusy50 ca
101 0 _arus
102 _aRU
105 _ay |||||||||
200 1 _aКовылкино
_eБиблиогр. указ.
_fМорд. респ. науч. б-ка им. А.С. Пушкина
_g[Сост. Г.П. Бойнова
_gРед. Л.М. Орехова]
210 _aСаранск
_cБ. и.
_d1986
215 _a[2], 5 с.
_d17
225 1 _aГорода Мордовии
801 0 _aRU
_bNLR
_gpsbo
801 1 _aRU
_bELAR
_2rusmarc
852 _aNLR
_bС
_jК-1/4706
942 _cBOOK
980 _aNB